Welcome to WEB OPAC of MRSPTU Central Library

Engineering material (Record no. 1189)

MARC details
000 -LEADER
fixed length control field 00359nam a2200145Ia 4500
008 - FIXED-LENGTH DATA ELEMENTS--GENERAL INFORMATION
fixed length control field 230711s9999||||xx |||||||||||||| ||und||
041 ## - LANGUAGE CODE
Language code of text/sound track or separate title ENG
082 ## - DEWEY DECIMAL CLASSIFICATION NUMBER
Classification number 620.11
Item number SH-E
100 ## - MAIN ENTRY--PERSONAL NAME
Personal name Sharma,Mathur
245 #0 - TITLE STATEMENT
Title Engineering material
250 ## - EDITION STATEMENT
Edition statement 1st Ed.
260 ## - PUBLICATION, DISTRIBUTION, ETC.
Date of publication, distribution, etc. 1969
Place of publication, distribution, etc. New Delhi
Name of publisher, distributor, etc. S.Chand & Company Ltd
650 ## - SUBJECT ADDED ENTRY--TOPICAL TERM
Topical term or geographic name entry element Mechanical Engineering
942 ## - ADDED ENTRY ELEMENTS (KOHA)
Koha item type Book
Holdings
Withdrawn status Lost status Damaged status Not for loan Collection Home library Current library Date acquired Total checkouts Full call number Barcode Date last seen Price effective from Koha item type
          MRSPTU Central Library MRSPTU Central Library     620.11 SH-E 5879 08/17/2023 08/17/2023 Book
          MRSPTU Central Library MRSPTU Central Library     620.11 SH-E 5880 08/17/2023 08/17/2023 Book
          MRSPTU Central Library MRSPTU Central Library     620.11 SH-E 5881 08/17/2023 08/17/2023 Book
          MRSPTU Central Library MRSPTU Central Library     620.11 SH-E 5882 08/17/2023 08/17/2023 Book
          MRSPTU Central Library MRSPTU Central Library     620.11 SH-E 5883 08/17/2023 08/17/2023 Book
          MRSPTU Central Library MRSPTU Central Library     620.11 SH-E 5884 08/17/2023 08/17/2023 Book
          MRSPTU Central Library MRSPTU Central Library     620.11 SH-E 5885 08/17/2023 08/17/2023 Book
          MRSPTU Central Library MRSPTU Central Library     620.11 SH-E 5886 08/17/2023 08/17/2023 Book
          MRSPTU Central Library MRSPTU Central Library     620.11 SH-E 5887 08/17/2023 08/17/2023 Book
          MRSPTU Central Library MRSPTU Central Library     620.11 SH-E 5888 08/17/2023 08/17/2023 Book

Website Designed and Developed by MRSPTU Central Library Team

E-mail Id: librarian@mrsptu.ac.in